Normal view
MARC view
- تاليف لولو، فايزة
Entry Personal Name
001 - CONTROL NUMBER
- control field: 60692
003 - CONTROL NUMBER IDENTIFIER
- control field: JO-AjAnu
005 - DATE AND TIME OF LATEST TRANSACTION
- control field: 20230606083923.0
008 - FIXED-LENGTH DATA ELEMENTS
- fixed length control field: 230606|| aca||aabn | a|a d
040 ## - CATALOGING SOURCE
- Original cataloging agency: JO-AjAnu
- Transcribing agency: JO-AjAnu
100 ## - HEADING--PERSONAL NAME
- Personal name: تاليف لولو، فايزة
670 ## - SOURCE DATA FOUND
- Source citation: Work cat.: (JO-AjAnu)30950: تاليف لولو، فايزة , author, الروائية في المدونة السردية العربية النهضوية : دراسة في تداخل الخطابات